| 000 | 00433 a2200121 4500 | ||
|---|---|---|---|
| 020 | _a0470213167 | ||
| 020 | _a0470213167 (U.S.) | ||
| 082 | _a532.05 ABB | ||
| 100 | _aAbbott, Michael B. | ||
| 245 |
_aComputational fluid dynamics : _ban introduction for engineers _cM.B. Abbott, D.R. Basco. |
||
| 260 |
_aHarlow, Essex, England : _bLongman Scientific & Technical ; _aNew York : _bWiley, _c1989. |
||
| 300 |
_axiv, 425 p. : _bill. ; _c26 cm. |
||
| 650 | _aFluid dynamics. | ||
| 999 |
_c593 _d593 |
||